| 000 -LEADER |
| fixed length control field |
00839cam a2200253 i 4500 |
| 020 ## - INTERNATIONAL STANDARD BOOK NUMBER |
| ISBN |
9784924971370 |
| 020 ## - INTERNATIONAL STANDARD BOOK NUMBER |
| ISBN |
4924971375 |
| 040 ## - CATALOGING SOURCE |
| Transcribing agency |
LWU |
| 041 1# - LANGUAGE CODE |
| Language code of original and/or intermediate translations of text |
jpn |
| 082 ## - DEWEY DECIMAL CLASSIFICATION NUMBER |
| Classification number |
181 WAK 2014 A002 Or. |
| 100 1# - MAIN ENTRY--AUTHOR NAME |
| Personal name |
Wakamatsu, Eisuke, |
| 245 10 - TITLE STATEMENT |
| Title |
Toshihiko Izutsu and the philosophy of word : |
| Remainder of title |
in search of the spiritual orient / |
| 250 ## - EDITION STATEMENT |
| Edition statement |
1st English ed. |
| 300 ## - PHYSICAL DESCRIPTION |
| Number of Pages |
xxv, 457 pages : |
| Other physical details |
illustrations ; |
| Dimensions |
24 cm. |
| 490 1# - SERIES STATEMENT |
| Series statement |
LTCB international library selection ; |
| 500 ## - GENERAL NOTE |
| General note |
"LTCB International Library Trust/International House of Japan." |
| 500 ## - GENERAL NOTE |
| General note |
Translation of: Izutsu Toshihiko : eichi no tetsugaku. |
| 650 #0 - SUBJECT ADDED ENTRY--TOPICAL TERM |
| Topical Term |
Philosophy, Asian |
| 650 #7 - SUBJECT ADDED ENTRY--TOPICAL TERM |
| Topical Term |
Philosophy, Asian. |
| 700 1# - ADDED ENTRY--PERSONAL NAME |
| Personal name |
Hoff, Jean, |
| 710 2# - ADDED ENTRY--CORPORATE NAME |
| Corporate name or jurisdiction name as entry element |
LTCB International Library Trust. |
| 710 2# - ADDED ENTRY--CORPORATE NAME |
| Corporate name or jurisdiction name as entry element |
Kokusai Bunka Kaikan (Tokyo, Japan) |
| 942 ## - ADDED ENTRY ELEMENTS (KOHA) |
| Koha item type |
សៀវភៅភាសាអង់គ្លេស |
| 952 ## - LOCATION AND ITEM INFORMATION (KOHA) |
| Withdrawn status [LOCAL, KOHA] |
0 |